Kolchoznaja zastol'naja pesnja dlja chora s fortepiano /

Hlavní autor: Maslov, Fedor Ivanovič, 1911-1993
Další autoři: Švedov, Jakov Zacharovič, 1905-1985
Jazyk: Ruština
Vydáno: moskva : Muzgiz, 1950
Fyzický popis: 5 s.
Hudebniny Hudebniny
Uloženo v:
LEADER 00790ncm a22002292a 4500
001 001145209
003 CZ BrMZK
005 20111012094436.0
007 qu
008 110419s1950 ru |||||||||||||||||rus d
040 |a BOA001  |b cze 
072 7 |a 784  |x Vokální hudba  |2 Konspekt  |9 9 
100 1 |a Maslov, Fedor Ivanovič,  |d 1911-1993  |7 mzk2011655702  |4 cmp 
245 1 0 |a Kolchoznaja zastol'naja  |h [hudebnina] :  |b pesnja dlja chora s fortepiano /  |c F. Maslov ; slova Ja. Švedova 
260 |a moskva :  |b Muzgiz,  |c 1950 
300 |a 5 s. 
500 |a 1 hl. sb. 
700 1 |a Švedov, Jakov Zacharovič,  |d 1905-1985  |7 mzk2010597335  |4 lyr 
910 |a BOA001  |b Mus4-0267.582 
990 |a MU 
991 |b 201104 
996 6 |b 2619510565  |c Mus4-0267.582  |l MZK  |r Sklad / do 1 hodiny  |n 0  |w 001177755  |u 000010  |a 1  |e BOA001  |j MZK50  |s P